| 000 | 00761nam a2200265Ia 4500 | ||
|---|---|---|---|
| 001 | Para_5251 | ||
| 003 | CHAP | ||
| 008 | 220125s1929 xx 000 0 und d | ||
| 010 | _a204615 | ||
| 040 | _cCHAP | ||
| 090 | _aPA FOLLETO 2592 | ||
| 100 |
_aJesness, O. B _961402 |
||
| 245 |
_aCooperative marketing / _c O. B. Jesness |
||
| 260 |
_aWashington : _b Department of Agriculture |
||
| 300 | _a27 p. | ||
| 440 |
_aEUA. Dept. of Agriculture Farmers'bull.; 1144 _9170552 |
||
| 650 |
_aProductos agrÃcolas _x Mercadeo Agricultura _x Sociedades _9170553 |
||
| 901 | _aPA FOLLETO 2592 | ||
| 902 | _aA | ||
| 905 | _a0000001929 WAS 0000000000 00 | ||
| 910 | _a1929 | ||
| 942 | _cPARA | ||
| 942 |
_cPARA _d1 |
||
| 999 |
_c204615 _d204615 |
||